000 00706cab a2200205 4500
001 L136571
008 070207n2007 000 0 eng u
035 _a(Sirsi) u136571
041 0 _aeng
245 0 0 _aLegal update
260 _c2007
490 0 _aInsight
_vFebruary 2007, 19-22(4)
520 _aGives a summary of case law, Acts of Parliament and statutory instruments in the areas of council tax, courts and tribunals, devolution, housing, homelessness, housing benefits, assured tenancies, breach of covenant, valuation and social security.
590 _aKA
650 2 4 _aASSURED TENANCIES
651 4 _aUnited Kingdom
_y
690 _aPROPERTY
690 _aBUILT ENVIRONMENT
942 _n0
999 _c78348
_d78348